<?xml version="1.0" encoding="UTF-8"?>
<collection xmlns="http://www.loc.gov/MARC21/slim">
  <record>
    <leader>00000nam  2200000   4500</leader>
    <controlfield tag="001">INLIS000000000003087</controlfield>
    <controlfield tag="005">20190620113001</controlfield>
    <datafield tag="035" ind1="#" ind2="#">
      <subfield code="a">0010-0718003087</subfield>
    </datafield>
    <controlfield tag="008">190620################g##########0#ind##</controlfield>
    <datafield tag="041" ind1=" " ind2=" ">
      <subfield code="a">id</subfield>
    </datafield>
    <datafield tag="082" ind1="#" ind2="#">
      <subfield code="a">153.4</subfield>
    </datafield>
    <datafield tag="090" ind1=" " ind2=" ">
      <subfield code="a">153.4 Bri p</subfield>
    </datafield>
    <datafield tag="100" ind1=" " ind2="#">
      <subfield code="a">Brinton, Crane</subfield>
    </datafield>
    <datafield tag="245" ind1="1" ind2="#">
      <subfield code="a">Pembentukan Pemikiran Modern (The Shaping Concluding Half of Ideas And Men) /</subfield>
      <subfield code="c">Crane Brinton</subfield>
    </datafield>
    <datafield tag="260" ind1="#" ind2="#">
      <subfield code="a">Jakarta :</subfield>
      <subfield code="b">Mutiara Sumber Widya,</subfield>
      <subfield code="c">1981</subfield>
    </datafield>
    <datafield tag="300" ind1="#" ind2="#">
      <subfield code="a">404 hlm. ;</subfield>
      <subfield code="c">21 cm</subfield>
    </datafield>
    <datafield tag="650" ind1=" " ind2="#">
      <subfield code="a">Pemikiran Modern</subfield>
    </datafield>
    <datafield tag="084" ind1="#" ind2="#">
      <subfield code="a">153.4 Bri p</subfield>
    </datafield>
    <datafield tag="520" ind1="#" ind2="#">
      <subfield code="a">Buku ini berisi delapan Bab. Bab I: membentuk Dunia Modern: Humanisme (istilah-istilah Renaissance dan Reformasi, Luas, sifat dan sikap-sikap politik Humanisme). Bab 2 Membentuk Dunia Modern: Protestantisme (Sifar Protestantisme dan Sprktrum Protestan); Bab 3 Membentuk Dunia Modern: Rasionalisme; Bab 4 Abad Ke Delapanbelas: Suatu Kosmologi Baru (Tokoh-tokoh Penyebar kecerahan, Keyakinan orang-orang zaman kecerahan, Program Zaman Kecerahan, Zaman Kecerahan dan Tradisi Kristen); Baba 5 Abad Ke-Sembilanbelas; Kosmologi Yang Sudah berkembang; Bab 6 Abad Ke-Sembilanbelas (Serangan-serangan dari kanan dan Kiri); Bab 7 Abad Ke-Duapuluh: Serangan Anti Intelektual; Bab 8 Pertengahan Abad Ke-Duapuluh; beberapa Urusan yang belum terselesaikan.</subfield>
    </datafield>
    <datafield tag="856" ind1="#" ind2="#">
      <subfield code="a">Perpustakaan Lembaga Administrasi Negara</subfield>
    </datafield>
    <datafield tag="990" ind1="#" ind2="#">
      <subfield code="a">18664</subfield>
    </datafield>
    <datafield tag="990" ind1="#" ind2="#">
      <subfield code="a">18995</subfield>
    </datafield>
    <datafield tag="990" ind1="#" ind2="#">
      <subfield code="a">18996</subfield>
    </datafield>
    <datafield tag="990" ind1="#" ind2="#">
      <subfield code="a">18665</subfield>
    </datafield>
    <datafield tag="990" ind1="#" ind2="#">
      <subfield code="a">18665</subfield>
    </datafield>
    <datafield tag="990" ind1="#" ind2="#">
      <subfield code="a">18664</subfield>
    </datafield>
    <datafield tag="990" ind1="#" ind2="#">
      <subfield code="a">18995</subfield>
    </datafield>
    <datafield tag="990" ind1="#" ind2="#">
      <subfield code="a">18996</subfield>
    </datafield>
    <datafield tag="990" ind1="#" ind2="#">
      <subfield code="a">18665</subfield>
    </datafield>
    <datafield tag="990" ind1="#" ind2="#">
      <subfield code="a">18664</subfield>
    </datafield>
    <datafield tag="990" ind1="#" ind2="#">
      <subfield code="a">18995</subfield>
    </datafield>
    <datafield tag="990" ind1="#" ind2="#">
      <subfield code="a">18996</subfield>
    </datafield>
    <datafield tag="990" ind1="#" ind2="#">
      <subfield code="a">18665</subfield>
    </datafield>
    <datafield tag="990" ind1="#" ind2="#">
      <subfield code="a">18664</subfield>
    </datafield>
    <datafield tag="990" ind1="#" ind2="#">
      <subfield code="a">18995</subfield>
    </datafield>
    <datafield tag="990" ind1="#" ind2="#">
      <subfield code="a">18996</subfield>
    </datafield>
    <datafield tag="990" ind1="#" ind2="#">
      <subfield code="a">18665</subfield>
    </datafield>
    <datafield tag="990" ind1="#" ind2="#">
      <subfield code="a">18664</subfield>
    </datafield>
    <datafield tag="990" ind1="#" ind2="#">
      <subfield code="a">18995</subfield>
    </datafield>
    <datafield tag="990" ind1="#" ind2="#">
      <subfield code="a">18996</subfield>
    </datafield>
  </record>
</collection>
